Municipalities of Ida-Virumaa With a Map - Statistics

General Stats
  • This quiz has been taken 9 times
  • The average score is 12 of 22
Answers on the Map
Answers color-coded by a green-red scale on the quiz's map according to % correct below.
 
Answer Stats
Answer % Correct
Jõhvi
100%
Kohtla
100%
Narva
100%
Narva-Jõesuu
100%
Sillamäe
100%
Iisaku
60%
Püssi
60%
Toila
60%
Alajõe
40%
Aseri
40%
Avinurme
40%
Kiviõli
40%
Kohtla-Järve
40%
Lüganuse
40%
Mäetaguse
40%
Maidla
40%
Sonda
40%
Tudulinna
40%
Vaivara
40%
Illuka
20%
Jõhvi linn
20%
Lohusuu
20%
No matching quizzes found
Score Distribution
Percent of People with Each Score
Percentile by Number Answered
Your Score History
You have not taken this quiz